Acto académico para rendir tributo a la memoria de S.S. Papa Paulo III, fundador de la universidad, en ocasión del 400º aniversario de su muerte. (Record no. 20865)

MARC details
000 -LEADER
campo de control de longitud fija 00877nam a2200193 i 4500
001 - NÚMERO DE CONTROL
campo de control 20865
003 - IDENTIFICADOR DE NÚMERO DE CONTROL
campo de control ES-MaACL
005 - FECHA Y HORA DE LA ÚLTIMA TRANSACCIÓN
campo de control 20250715193502.0
007 - CAMPO FIJO DE DESCRIPCIÓN FÍSICA--INFORMACIÓN GENERAL
campo de control de longitud fija t|
008 - DATOS DE LONGITUD FIJA--INFORMACIÓN GENERAL
campo de control de longitud fija 021119s1949 ve |||| | spa d
245 00 - MENCIÓN DEL TÍTULO
Título Acto académico para rendir tributo a la memoria de S.S. Papa Paulo III, fundador de la universidad, en ocasión del 400º aniversario de su muerte.
260 ## - PUBLICACIÓN, DISTRIBUCIÓN, ETC.
Lugar de publicación, distribución, etc. [S.l. :
Nombre del editor, distribuidor, etc. s.n.,
Fecha de publicación, distribución, etc. 1949] (
Lugar de fabricación/manufactura Trujillo-Tallas :
Fabricante Tip. Virgilio Montalvo)
300 ## - DESCRIPCIÓN FÍSICA
Extensión 37 p., 4 lám. ;
Dimensiones 24 cm.
505 8# - NOTA DE CONTENIDO CON FORMATO
Nota de contenido con formato Contiene: ;
Título Recuerdo y homenaje a Paulo III: discurso-apertura del señor Rector de la universidad, Lic. Rafael F. Bonnelly ;
-- El Concilio de Trento y nuestro tiempo: conferencia del Excmo. Sr. D. Manuel Aznar
700 1# - ENTRADA AGREGADA--NOMBRE PERSONAL
Nombre de persona Bonnelly, F.
9 (RLIN) 30248
700 1# - ENTRADA AGREGADA--NOMBRE PERSONAL
Nombre de persona Aznar Zubigaray, Manuel,
Fechas asociadas al nombre 1894-1975
9 (RLIN) 24321
852 ## - LOCALIZACIÓN
Ubicación ES-MaACL
Número de control de estantería 1927-F-23
Holdings
Estatus retirado Estado de pérdida Estado de daño No para préstamo Colección Biblioteca de origen Biblioteca actual Ubicación en estantería Fecha de adquisición Fuente de adquisición Total de préstamos Signatura topográfica completa Código de barras Visto por última vez Precio de reemplazo Tipo de ítem Koha
        Colección de folletos Biblioteca del Ateneo de Madrid Biblioteca del Ateneo de Madrid Depósito folletos 17/01/2008     1927-F-23 1021427 23/02/2023 23/02/2023 Folleto